000 00272nam a2200109Ia 4500
008 220204s9999 xx 000 0 und d
082 _a575
_bADV.41
245 0 _aAdvances in genetics. V 41
260 _aSan Diego
_bAcademic
_c1999
700 _aHall, Jeffrey C
942 _cBK
999 _c41714
_d41714